000 01305nam a22003617a 4500
003 CHAP
005 20220329141558.0
008 971013s1961 us a r 00010 eng d
010 _a70424
011 _a71396
035 _a80950
040 _cCHAP
082 _a631.42
_bC43
100 0 0 _aChapman, Homer D.
_921919
245 1 0 _aMethods of analysis for soils, plants and water
_c/por Homer D. Chapman y Parker F. Pratt
260 _aberkeley :
_bUniversity of California Press,
_c1961
300 _a309 p. :
_bilus.
590 _aBATCH-UPD
_b10
_c20130110
_lUCH01
_h0334
590 _aBATCH-UPD
_b10
_c20130110
_lUCH01
_h1841
590 _aBATCH-UPD
_b10
_c20130410
_lUCH01
_h0007
590 _aBATCH-UPD
_b10
_c20130913
_lUCH01
_h2242
590 _aCONVERSION
_b10
_c20130109
_lUCH01
_h1339
650 1 4 _aAgua
_xAnálisis.
_92280
650 1 4 _aPlantas
_xAnálisis químico.
_988792
650 1 4 _aQuímica vegetal.
_993602
650 1 4 _aSuelos
_xAnálisis.
_9110204
700 0 _aPratt, Parker F.
_991318
901 _aBK
942 _cLIBRO
949 _a631.42 C43
_bBC
_cLIBRO
_d33724000067468
_eLIBRO
_h27172
_i80950
_si
_t50.00
949 _a631.42 C43
_bBC
_cLIBRO
_d33724000067476
_eLIBRO
_fc.2
_h11211
_i80950
_si
_t50.00
949 _a631.42 C43
_bBC
_cLIBRO
_d33724002306149
_eLIBRO
_fc.3
_gDonaciØn
_h115686
_i80950
_sb
999 _c70424
_d70424